Normal view MARC view

Entry Topical Term

Number of records used in: 1

001 - CONTROL NUMBER

  • control field: 668917

003 - CONTROL NUMBER IDENTIFIER

  • control field:

005 - DATE AND TIME OF LATEST TRANSACTION

  • control field: 20210603173350.0

008 - FIXED-LENGTH DATA ELEMENTS

  • fixed length control field: 210603|| aca||aabn | a|a d

040 ## - CATALOGING SOURCE

  • Original cataloging agency:
  • Transcribing agency:

150 ## - HEADING--TOPICAL TERM

  • Topical term or geographic name entry element: Tuberculosis
  • Geographic subdivision: United States
  • Form subdivision: Statistics

670 ## - SOURCE DATA FOUND

  • Source citation: Work cat.: (): Tuberculosis statistics, states and cities, 1979
                                                                           
web counter

Copyright ©2020 The National Library of India, Govt. of India ↔ Hosted by NVLI, MOC ↔ Technology and Design by National Library of India, Ministry of Culture, Govt. of India